<?xml version="1.0" encoding="UTF-8"?><?xml-stylesheet type="text/xsl" href="static/style.xsl"?><OAI-PMH xmlns="http://www.openarchives.org/OAI/2.0/" xmlns:xsi="http://www.w3.org/2001/XMLSchema-instance" xsi:schemaLocation="http://www.openarchives.org/OAI/2.0/ http://www.openarchives.org/OAI/2.0/OAI-PMH.xsd"><responseDate>2026-06-29T02:40:03Z</responseDate><request verb="GetRecord" identifier="oai:docta.ucm.es:20.500.14352/129365" metadataPrefix="marc">https://docta.ucm.es/rest/oai/request</request><GetRecord><record><header><identifier>oai:docta.ucm.es:20.500.14352/129365</identifier><datestamp>2025-12-19T01:04:20Z</datestamp><setSpec>com_20.500.14352_14</setSpec><setSpec>col_20.500.14352_15</setSpec></header><metadata><record xmlns="http://www.loc.gov/MARC21/slim" xmlns:dcterms="http://purl.org/dc/terms/" xmlns:xsi="http://www.w3.org/2001/XMLSchema-instance" xmlns:doc="http://www.lyncode.com/xoai" xsi:schemaLocation="http://www.loc.gov/MARC21/slim http://www.loc.gov/standards/marcxml/schema/MARC21slim.xsd">
   <leader>00925njm 22002777a 4500</leader>
   <datafield ind2=" " ind1=" " tag="042">
      <subfield code="a">dc</subfield>
   </datafield>
   <datafield ind2=" " ind1=" " tag="720">
      <subfield code="a">Raquel Martínez Sanz</subfield>
      <subfield code="e">author</subfield>
   </datafield>
   <datafield ind2=" " ind1=" " tag="720">
      <subfield code="a">Solano Santos, Luis Felipe</subfield>
      <subfield code="e">author</subfield>
   </datafield>
   <datafield ind2=" " ind1=" " tag="260">
      <subfield code="c">2025</subfield>
   </datafield>
   <datafield ind2=" " ind1=" " tag="520">
      <subfield code="a">Las redes sociales favorecen el encuentro entre el público del museo y la institución. La bidireccionalidad que impera en ellas sugiere a la academia interesarse no solo por la comunicación iniciada por las instituciones culturales, y sobre la que existe una extensa literatura, sino por las expresiones, más o menos espontáneas, publicadas por los visitantes. Estos contenidos son una prueba directa de su concepción del museo, experiencias vividas en ellos e, incluso, funciones asignadas. La consolidación de TikTok como plataforma de intercambio de videos cortos, unido a la adhesión masiva de perfiles jóvenes y el uso de algoritmos que favorecen la navegación infinita, avalan que sea seleccionada como objeto de estudio. Con el fin de conocer cómo se representa el museo en los videos privilegiados por TikTok, los rasgos de los influencers culturales y la conversación que sus contenidos suscitan, se analiza una muestra representativa de audiovisuales y sus comentarios. Los datos revelan una predisposición de los jóvenes hacia las propuestas gratuitas, participativas y que les hagan pasar un buen rato. Se debate sobre el papel del marketing de influencia aplicado a museos dado el efecto llamada que a través de los comentarios se constata.</subfield>
   </datafield>
   <datafield ind2=" " ind1=" " tag="520">
      <subfield code="a">Social media facilitates the encounter between the museum audience and the institution. The bidirectionality that prevails in them suggests that the
academy be interested not only in the communication initiated by cultural institutions, and on which there is an extensive bibliography, but in the expressions, more or less spontaneous, published by visitors. These contents are a direct proof of his conception of the museum, experiences lived in them and, even, assigned functions. The consolidation of TikTok as a short video sharing platform, together with the massive adhesion of young profiles and the use of algorithms that favor infinite browsing, support its selection as an object of study. In order to know how the museum is represented in the videos privileged by TikTok, the traits of the cultural influencers and the conversation that their content provokes, a representative sample of audiovisuals and their comments are analyzed. The data reveal a predisposition of young people towards free, participatory proposals that give them a good time. There is debate about the role of influence marketing applied to museums given the call effect that was confirmed through the comments.</subfield>
   </datafield>
   <datafield ind1="8" ind2=" " tag="024">
      <subfield code="a">Martínez-Sanz, R., &amp; Solano Santos, L. F. (2025). Museos e influencers: la representación del museo en TikTok desde la óptica del visitante. Palabra Clave, 28(1), e2815. https://doi.org/10.5294/pacla.2025.28.1.5</subfield>
   </datafield>
   <datafield ind1="8" ind2=" " tag="024">
      <subfield code="a">10.5294/pacla.2025.28.1.5</subfield>
   </datafield>
   <datafield ind1="8" ind2=" " tag="024">
      <subfield code="a">https://hdl.handle.net/20.500.14352/129365</subfield>
   </datafield>
   <datafield ind1="8" ind2=" " tag="024">
      <subfield code="a">2027-534X</subfield>
   </datafield>
   <datafield ind1="8" ind2=" " tag="024">
      <subfield code="a">https://doi.org/10.5294/pacla.2025.28.1.5</subfield>
   </datafield>
   <datafield ind1="8" ind2=" " tag="024">
      <subfield code="a">https://palabraclave.unisabana.edu.co/index.php/palabraclave/article/view/23705</subfield>
   </datafield>
   <datafield ind2="0" ind1="0" tag="245">
      <subfield code="a">Museos e influencers: la representación del museo en TikTok desde la óptica del visitante</subfield>
   </datafield>
   <datafield ind2="0" ind1="0" tag="245">
      <subfield code="a">Museums and influencers: The representation of the museum on TikTok from the visitor’s perspective</subfield>
   </datafield>
</record></metadata></record></GetRecord></OAI-PMH>